20 Bands on L - Statistics

General Stats
  • This quiz has been taken 19 times
    2 since last reset
  • The average score is 7 of 20
Answer Stats
Answer % Correct
Limp Bizkit
100%
Ladytron
50%
Laibach
50%
Led Zeppelin
50%
Le Tigre
50%
Levellers
50%
Los Bravos
50%
Los Lobos
50%
Lush
50%
the La's
50%
the Libertines
50%
the Liverbirds
50%
L7
0%
Lambrini Girls
0%
Linkin Park
0%
Lordi
0%
Los del Rio
0%
the Last Dinner Party
0%
the Lemonheads
0%
the Lovin' Spoonful
0%
No matching quizzes found
Score Distribution
Percent of People with Each Score
Percentile by Number Answered
Your Score History
You have not taken this quiz since the last reset